Systémy a stratégie pre riadenie výroby Optimized Production Technology (OPT), Drum Buffer Rope (DBR)
Ďalší systém využívaný pre dielenské riadenie výroby - systém OPT. Charakteristika a pravidlá OPT. Sieť OPT pre vyrábané výrobky. Moduly systému OPT. Činnosť systému OPT. Prepojenie systémov OPT a MRP II. Drum Buffer Rope (DBR - bubon-vyrovnávací zásobník-lano) - spôsob organizácie činnosti výrobnéh...
Gespeichert in:
| 1. Verfasser: | |
|---|---|
| Weitere Verfasser: | |
| Format: | Buchkapitel |
| Sprache: | Slowakisch |
| Schlagworte: | |
| Tags: |
Keine Tags, Fügen Sie das erste Tag hinzu!
|
MARC
| LEADER | 00000naa a2200000 4500 | ||
|---|---|---|---|
| 001 | r016641 | ||
| 005 | 20221129133949.7 | ||
| 041 | 0 | |a slo | |
| 044 | |a CZ | ||
| 245 | 1 | 0 | |a Systémy a stratégie pre riadenie výroby |b Optimized Production Technology (OPT), Drum Buffer Rope (DBR) |c M. Gregor, Ján Košturiak |
| 520 | |a Ďalší systém využívaný pre dielenské riadenie výroby - systém OPT. Charakteristika a pravidlá OPT. Sieť OPT pre vyrábané výrobky. Moduly systému OPT. Činnosť systému OPT. Prepojenie systémov OPT a MRP II. Drum Buffer Rope (DBR - bubon-vyrovnávací zásobník-lano) - spôsob organizácie činnosti výrobného systému - vychádza zo zásad OPT. | ||
| 610 | 2 | 0 | |a riadenie výroby |
| 610 | 2 | 0 | |a dielne |
| 610 | 2 | 0 | |a systémy riadenia |
| 610 | 2 | 0 | |a OPT |
| 610 | 2 | 0 | |a DBR |
| 610 | 2 | 0 | |a plánovanie výroby |
| 100 | 1 | |a Gregor, M. | |
| 700 | 1 | |a Košturiak, Ján | |